MDQL
is popping MORE tags! Check the
thread
!
Quizzes
Events
Quiz Creation
Community
Videos
Private Events
Remove Ads
Sign In
Join for FREE
Feedback
Dark Mode
Quiz Categories
Sports
Geography
Music
Movies
Television
Just For Fun
Miscellaneous
History
Literature
Language
Science
Gaming
Entertainment
Religion
Holiday
For Kids
Quiz Lab
Recent
Popular Today
Quiz Kudos Today
Editor Picks
Curator Picks
Quizzes by...
Day
Popularity
Type
Ratings
Length
Year
Community
Subscriptions
Recent Discussions
Orange Saloon
Badges
Playlists
Quests
Create
Leaderboards
Showdown
Live 5
Trivia Bingo
Activity
Puzzle Library
Sporcle Events
Private Events
Virtual Trivia
Globe League
Become a Host
Pub Owners
SporcleCon
Opinionation
Our Games
Videos
Blog
Mobile Apps
Partnerships
Remove Ads and Go Orange
Feedback
Movies
Disney
Marvel Cinematic Universe
Movie Resume
Movie Titles
Oscar
Actor
Actress
Director
Pixar
Role
Movie Quotes
Movie Characters
Box Office
Nominee
Best Picture
Star Wars
James Bond
Horror Movies
Movies
Disney
Marvel Cinematic Universe
Movie Resume
Movie Titles
Oscar
Actor
Actress
Director
Pixar
Role
Movie Quotes
Movie Characters
Box Office
Nominee
Best Picture
Star Wars
James Bond
Horror Movies
Random Quiz
Search Sporcle
×
Editor Pick
Editor Pick
Movies
Disney
Select answers by clicking on text or image buttons
Select answers by clicking on text or image buttons
Clickable
Best Score? Go Orange.
Disney/Pixar Alter-Egos Stats
Can you match the Disney/Pixar Character to their other common name?
By
zml15
4m
32 Questions
11.4K Plays
11,396 Plays
11,396 Plays
Comments
Comments
Give Quiz Kudos
Give Quiz Kudos
-
- Ratings
hide this ad
More Info
Replay
Link that replays current quiz
Next Quiz
Link to next quiz in quiz playlist
You Got
0%
They Got
Avg Score
54%
Avg Friend Score
Upgrade to see
Score Distribution
Jump to the score distribution portion of the page
Score
0/32
Timer
04:00
0
Plays Today
% Correct
Aladdin
93.2%
Ursula
88.8%
Helen Parr
86%
Nemo
85.3%
Bob Parr
85.1%
Experiment 626
84.6%
Fa Mulan
84.4%
Rapunzel
80.1%
Megara
75.6%
Jumbo Jr.
75.6%
Eugene Fitzherbert
75.1%
Aurora
71%
Baloo
68%
Buddy Pine
60.3%
Philoctetes
58.3%
Captain Hook
57.1%
% Correct
Lucius Best
54.5%
Bambi
50.7%
Dr. Facilier
49.8%
Marlin
49.5%
Mowgli
48.8%
Lady
48%
Jim Hawkins
46%
Tramp
43.6%
Turbo
42.6%
Arthur
39.6%
Michael Yagoobian
36.8%
Al McWhiggen
34.2%
Lewis
33.1%
Octavius
32.5%
Little John
29.5%
J. Worthington Foulfellow
28.4%
Quiz Playlist
Details
Report
Send in Message
Add To Playlist
More Info:
Match the Disney/Pixar Character to another common name they might use.
Clickable:
Select answers by clicking on text or image buttons
Quiz Source
Last Updated: May 20, 2017
Editor Pick in
Movies
Quiz Scoreboard
CHALLENGE
Sign Up to Join the Scoreboard
Show All
Scores
Hide
Comments
May contain spoilers
Recently Published
Holiday 10x10 Sorting Gallery
by lukepisani3
Holiday
15m
Two Season TV Shows II
by 123Four
Television
10m
Image Sorting: Flags VI
by Barbecue
Geography
2m
More to Explore
Quiz From the Vault
Featured Blog Post
14 Easter Pick-up Lines to Find Eggs With
hide this ad
You Might Also Like...
Tags
Disney Quiz
Movie Characters Quiz
Alter Egos
Character
Disney Channel
Disney Films
Disneyland
Disney Lyrics
Disney Songs
Disney World
ego
Today's Top Quizzes in Movies
Browse Movies
hide this ad
Today's Top Quizzes in Disney
Browse Disney
Top Contributed Quizzes in Movies
1
The ultimate James Bond movie quiz
2
Find The 'Big' Movie
3
Find The 'Wild' Movie
4
Find The 'Blue' Movie
5
Movies By Plot
6
Hidden Star Wars Character II
7
Hidden Star Wars Character III
8
25 Best Actor Nominees (1990s)
9
Hidden Star Wars Character IV
10
Pick 5 Posters: Directed by Spielberg
Explore More
Trending Topics
NBA
Marvel
Disney
Crossword
Kpop
Harry Potter
Anime
The Office
Song
Soccer
NFL
Puzzle
Pokémon
Country
WWE
hide this ad
More By:
zml15
Quiz
Plays
Rating
Category
Featured
Created
Pixar Movies: Oldest to Newest
3,498,705
4.09
Movies
Apr 13, 2012
Percy Jackson vs. Harry Potter
18,563
3.10
Literature
Dec 20, 2010
Disney/Pixar Alter-Egos
11,396
4.19
Movies
Apr 10, 2014
Owning Up to Disney Music
10,903
4.42
Movies
Nov 22, 2013
Super Smash Bros. Brawl Roster Order
9,290
2.14
Gaming
Feb 19, 2011
Go to Creator's Profile
Score Distribution
Quiz Creator Spotlight
zml15
Follow
Send a Message
Quizzes Created
-
Created Quiz Play Count
-
More By This Creator
Popular Quizzes Today
1
Find the US States - No Outlines Minefield
2
Colored Red Africa Blitz
3
Find the 'City' Movie
4
The Countries of the World
5
5x2 Blitz: Bands
6
Find the Countries of Europe - No Outlines Minefield
7
Find the US States
8
US States
More Movies Quizzes
Mixed up Movie Posters - Oscar Best Picture
Editor's Pick
Trending Quizzes
Colored Red Europe Blitz I
Colored Red Europe Blitz II
Colored Red Africa Blitz II
Even More Two Season TV Shows
Colored Red Africa Blitz III
Recently Updated
Odd Team Out - Big 4 Players
pecheneg
Quick Pick: 20 Twenties
pecheneg
March Madness Men's Triple Doubles
pecheneg
How Do You Spell That?
pecheneg
Godzilla Movies
pecheneg
Grab Bag: 4-10 Letters
pecheneg
2024 March Madness Bracket
pecheneg
Famous TV Couples
Peacemaker
Champions League XIs: Real Madrid
pecheneg
Largest US Cities 1790-2010
pecheneg
Trending Topics
Crossword
NBA
Harry Potter
Marvel
Anime
Disney
Kpop
Country
The Office
NFL
WWE
Puzzle
Pokémon
Soccer
Song
Your Account Isn't Verified!
In order to create a playlist on Sporcle, you need to verify the email address you used during registration. Go to your
Sporcle Settings
to finish the process.
Report this User
Report this user for behavior that violates our
Community Guidelines
.
Details:
Send Report
Go to the Sporcle.com Mobile Site →
Comments